000 00818 a2200265 4500
003 OSt
005 20180116182811.0
008 160927b xxu||||| |||| 00| 0 eng d
020 _a9971513676
020 _a9789971513672
040 _c0
082 _a658.4021 SAL 2001
100 1 _aSaloner, Garth.
245 1 0 _aStrategic Management
_cGarth Saloner.
250 _a1ST ed.
260 _a[S.l.] :
_bWiley,
_c2005.
300 _a442 p. ;
_c24 cm.
440 _aStrategic Management
500 _aPaperback.
700 1 _aShepard, Andrea.
700 1 _aPodolny, Joel.
856 4 0 _3Amazon.com
_uhttp://www.amazon.com/exec/obidos/ASIN/9971513676/chopaconline-20
856 4 0 _3Amazon customer reviews
_uhttp://www.chopac.org/cgi-bin/tools/azrev.pl?q=9971513676
942 _aNBS
_cBK
_k6568.4021 SAL 2001
_2ddc
999 _c346243
_d346243